<?xml version="1.0" encoding="UTF-8"?>
<collection xmlns="http://www.loc.gov/MARC21/slim">
<record>
  <controlfield tag="001">61452</controlfield>
  <controlfield tag="005">20231221135827.0</controlfield>
  <datafield tag="024" ind1="7" ind2=" ">
    <subfield code="2">doi</subfield>
    <subfield code="a">10.3989/cyv.122013</subfield>
  </datafield>
  <datafield tag="024" ind1="8" ind2=" ">
    <subfield code="2">sideral</subfield>
    <subfield code="a">85748</subfield>
  </datafield>
  <datafield tag="037" ind1=" " ind2=" ">
    <subfield code="a">ART-2013-85748</subfield>
  </datafield>
  <datafield tag="041" ind1=" " ind2=" ">
    <subfield code="a">eng</subfield>
  </datafield>
  <datafield tag="100" ind1=" " ind2=" ">
    <subfield code="a">Diez, J.C.</subfield>
  </datafield>
  <datafield tag="245" ind1=" " ind2=" ">
    <subfield code="a">Effect of Ag additions on the Bi1.6Pb0.4Sr2Co1.8Ox thermoelectric properties</subfield>
  </datafield>
  <datafield tag="260" ind1=" " ind2=" ">
    <subfield code="c">2013</subfield>
  </datafield>
  <datafield tag="506" ind1="0" ind2=" ">
    <subfield code="a">Access copy available to the general public</subfield>
    <subfield code="f">Unrestricted</subfield>
  </datafield>
  <datafield tag="520" ind1="3" ind2=" ">
    <subfield code="a">Bi1.6Pb0.4Sr2Co1.8Ox thermoelectric ceramics with small Ag additions (0, 1, and 3 wt.%) have been successfully produced by a sol-gel method via nitrates. Microstructure has shown a reduction on the amount of secondary phases and an increase on the bulk density with increasing Ag contents. The microstructural evolution, as a function of Ag content, is confirmed with the electrical resistivity values which show an important decrease for the 3 wt.% Ag samples, leading to maximum power factor values  of  about  0.025  mW/K2.m  at  room  temperature,  which  is  about  two  times  higher  than  the  obtained  for  the  Ag-free sintered samples.   

Se  han  preparado  cerámicas  termoeléctricas  de  composición  Bi1.6Pb0.4Sr2Co1.8Ox  con  pequeñas  adiciones  de  Ag  (0,  1,  y  3  % en peso) por medio de un método sol-gel a partir de los nitratos metálicos. La microestructura ha mostrado una reducción de la cantidad de fases secundarias y un aumento de la densidad del material al aumentar la cantidad de Ag. La evolución microestructural, en función del contenido de Ag, se ha confirmado con los valores de la resistividad eléctrica que muestra una reducción importante para las muestras con 3 % en peso de Ag, lo que lleva a alcanzar valores máximos del factor de potencia de alrededor de 0.025 mW/K2.m a temperatura ambiente, que es dos veces mayor que el obtenido para muestras sinterizadas sin Ag</subfield>
  </datafield>
  <datafield tag="536" ind1=" " ind2=" ">
    <subfield code="9">info:eu-repo/grantAgreement/ES/CSIC/JAE-PreDoc2010</subfield>
    <subfield code="9">info:eu-repo/grantAgreement/ES/DGA/T12</subfield>
    <subfield code="9">info:eu-repo/grantAgreement/ES/DGA/T87</subfield>
    <subfield code="9">info:eu-repo/grantAgreement/ES/MICINN/MAT2008-00429</subfield>
    <subfield code="9">info:eu-repo/grantAgreement/ES/UZ/UZ2011-TEC-03</subfield>
  </datafield>
  <datafield tag="540" ind1=" " ind2=" ">
    <subfield code="9">info:eu-repo/semantics/openAccess</subfield>
    <subfield code="a">by-nc</subfield>
    <subfield code="u">http://creativecommons.org/licenses/by-nc/3.0/es/</subfield>
  </datafield>
  <datafield tag="590" ind1=" " ind2=" ">
    <subfield code="a">0.343</subfield>
    <subfield code="b">2013</subfield>
  </datafield>
  <datafield tag="591" ind1=" " ind2=" ">
    <subfield code="a">MATERIALS SCIENCE, CERAMICS</subfield>
    <subfield code="b">20 / 25 = 0.8</subfield>
    <subfield code="c">2013</subfield>
    <subfield code="d">Q4</subfield>
    <subfield code="e">T3</subfield>
  </datafield>
  <datafield tag="655" ind1=" " ind2="4">
    <subfield code="a">info:eu-repo/semantics/article</subfield>
    <subfield code="v">info:eu-repo/semantics/publishedVersion</subfield>
  </datafield>
  <datafield tag="700" ind1=" " ind2=" ">
    <subfield code="a">Rasekh, Sh.</subfield>
  </datafield>
  <datafield tag="700" ind1=" " ind2=" ">
    <subfield code="a">Constantinescu, G.</subfield>
  </datafield>
  <datafield tag="700" ind1=" " ind2=" ">
    <subfield code="a">Torres, M.A.</subfield>
    <subfield code="u">Universidad de Zaragoza</subfield>
    <subfield code="0">(orcid)0000-0003-3995-5763</subfield>
  </datafield>
  <datafield tag="700" ind1=" " ind2=" ">
    <subfield code="a">Madre, M.A.</subfield>
  </datafield>
  <datafield tag="700" ind1=" " ind2=" ">
    <subfield code="a">Sotelo, A.</subfield>
  </datafield>
  <datafield tag="710" ind1="2" ind2=" ">
    <subfield code="1">5002</subfield>
    <subfield code="2">305</subfield>
    <subfield code="a">Universidad de Zaragoza</subfield>
    <subfield code="b">Dpto. Ingeniería Diseño Fabri.</subfield>
    <subfield code="c">Área Expresión Gráfica en Ing.</subfield>
  </datafield>
  <datafield tag="773" ind1=" " ind2=" ">
    <subfield code="g">52, 2 (2013), 93-97</subfield>
    <subfield code="p">Bol. Soc. Esp. Ceram. Vidr.</subfield>
    <subfield code="t">Boletin de la Sociedad Espanola de Ceramica y Vidrio</subfield>
    <subfield code="x">0366-3175</subfield>
  </datafield>
  <datafield tag="856" ind1="4" ind2=" ">
    <subfield code="s">2456171</subfield>
    <subfield code="u">http://zaguan.unizar.es/record/61452/files/texto_completo.pdf</subfield>
    <subfield code="y">Versión publicada</subfield>
  </datafield>
  <datafield tag="856" ind1="4" ind2=" ">
    <subfield code="s">112476</subfield>
    <subfield code="u">http://zaguan.unizar.es/record/61452/files/texto_completo.jpg?subformat=icon</subfield>
    <subfield code="x">icon</subfield>
    <subfield code="y">Versión publicada</subfield>
  </datafield>
  <datafield tag="909" ind1="C" ind2="O">
    <subfield code="o">oai:zaguan.unizar.es:61452</subfield>
    <subfield code="p">articulos</subfield>
    <subfield code="p">driver</subfield>
  </datafield>
  <datafield tag="951" ind1=" " ind2=" ">
    <subfield code="a">2023-12-21-13:40:53</subfield>
  </datafield>
  <datafield tag="980" ind1=" " ind2=" ">
    <subfield code="a">ARTICLE</subfield>
  </datafield>
</record>
</collection>